ELEMENTRY ENGINEERING DRAWING:PLANE AND SOLID GEOMETRY (Record no. 579499)
[ view plain ]
| 000 -LEADER | |
|---|---|
| fixed length control field | 00333nam a22001337a 4500 |
| 082 ## - DEWEY DECIMAL CLASSIFICATION NUMBER | |
| Classification number | 604.2 BHA'E |
| 100 ## - MAIN ENTRY--PERSONAL NAME | |
| Personal name | BHATT, N. D |
| 9 (RLIN) | 10018 |
| 245 ## - TITLE STATEMENT | |
| Title | ELEMENTRY ENGINEERING DRAWING:PLANE AND SOLID GEOMETRY |
| 250 ## - EDITION STATEMENT | |
| Edition statement | 35TH |
| 260 ## - PUBLICATION, DISTRIBUTION, ETC. | |
| Place of publication, distribution, etc. | INDIA |
| Name of publisher, distributor, etc. | CHAROTER |
| Date of publication, distribution, etc. | 1996 |
| 300 ## - PHYSICAL DESCRIPTION | |
| Extent | 304P |
| 650 ## - SUBJECT ADDED ENTRY--TOPICAL TERM | |
| Topical term or geographic name entry element | ENGINEERING DRAWING |
| 9 (RLIN) | 73872 |
| 942 ## - ADDED ENTRY ELEMENTS (KOHA) | |
| Koha item type | Book |
| Withdrawn status | Lost status | Source of classification or shelving scheme | Damaged status | Not for loan | Permanent Location | Current Location | Shelving location | Date acquired | Full call number | Barcode | Date last seen | Price effective from | Koha item type | Public note | Total Checkouts |
|---|---|---|---|---|---|---|---|---|---|---|---|---|---|---|---|
| College of Electrical & Mechanical Engineering (CEME) | College of Electrical & Mechanical Engineering (CEME) | General Stacks | 04/21/2017 | 604.2 BHA'E | CEME-15966 | 06/28/2021 | 06/28/2021 | Book | 3.8 | ||||||
| College of Electrical & Mechanical Engineering (CEME) | College of Electrical & Mechanical Engineering (CEME) | General Stacks | 04/21/2017 | 604.2 BHA'E | CEME-15955 | 06/28/2021 | 06/28/2021 | Book | |||||||
| College of Electrical & Mechanical Engineering (CEME) | College of Electrical & Mechanical Engineering (CEME) | General Stacks | 01/01/2026 | 604.2 BHA'E | CEME-15954 | 01/01/2026 | 01/01/2026 | Book | 3.8 |
